01587nam a2200397 i 450000100060000000300080000600500170001400600190003100700150005000800410006502000280010602000180013403500220015204000310017405000220020508000080022708200120023510000440024724501640029125000230045526400970047830000410057533600310061633700330064733800430068049000150072358800830073859001620082165000320098365000330101565500270104879700180107583000160109385600630110999900170117237724FINmELB20241216221525.0m o u cr cn|||||||||211027s2020 ck o 000 0 spa d a9789585122253q(e-book) z9789585122246 a(OCoLC)1285724721 aFINmELBbspaerdacFINmELB 4aBD450b.G338 2020 a12104a1282231 aGómez Rodas, Carlos Andrés,eautor.10aNicolás Gómez Dávila frente a la muerte de Dios :buna crítica filosófica al proceso de secularización occidental /cCarlos Andrés Gómez Rodas. aPrimera edición. 1aMedellín, Colombia :bInstituto Tecnológico Metropolitano :bFondo Editorial ITM,c2020. a1 recurso en línea (191 páginas) atextobtxt2rdacontent/spa acomputadorabc2rdamedia/spa arecurso en líneabcr2rdacarrier/spa1 aDeliberare aDescripción basada en metadatos suministrados por el editor y otras fuentes. aRecurso electrónico. Santa Fe, Arg.: elibro, 2021. Disponible vía World Wide Web. El acceso puede estar limitado para las bibliotecas afiliadas a elibro. 0aPhilosophical anthropology. 4aAntropología filosófica. 4aLibros electrónicos.2 aelibro, Corp. 0aDeliberare.40uhttps://elibro.net/ereader/politecnicointernacional/175973 c37724d37724